01527nam a2200385 i 450000100060000000300080000600500170001400600190003100700150005000800410006502000180010602000280012403500220015204000310017405000210020508000120022608200140023810000420025224501070029426400380040130000410043933600290048033700330050933800390054249000570058150400430063858800830068159001620076465000320092665500270095879700180098583000580100385600630106199900170112443993FINmELB20241216222154.0m o u cr cn|||||||||220227s2022 sp ob 000 0 spa d z9788497043168 a9788419525598q(e-book) a(OCoLC)1373951085 aFINmELBbspaerdacFINmELB14aTR145bS669 2022 a77(038)04a770.32231 aSánchez Vigil, Juan Miguel,eautor.10aDel daguerrotipo a la Instamatic :bautores, tendencias, instituciones /cJuan Miguel Sánchez Vigil. 1aGijón :bEdiciones Trea,c2022. a1 recurso en línea (605 páginas) atextobtxt2rdamedia/spa acomputadorabc2rdamedia/spa arecurso en línea2rdacarrier/spa1 aBiblioteconomía y administración cultural ;v175 aContiene referencias bibliográficas. aDescripción basada en metadatos suministrados por el editor y otras fuentes. aRecurso electrónico. Santa Fe, Arg.: elibro, 2021. Disponible vía World Wide Web. El acceso puede estar limitado para las bibliotecas afiliadas a elibro. 0aFotografíavDiccionarios. 4aLibros electrónicos.2 aelibro, Corp. 0aBiblioteconomía y administración cultural ;v175.40uhttps://elibro.net/ereader/politecnicointernacional/227209 c43993d43993